SS. PP. Leonis Magni romani pontificis eius nominis primi, maximi taurinensis episc. et Petri Chrysologi ravennatis episcopi, opera omnia quae reperiri potuerunt

Detalles Bibliográficos
Autor principal: León, I, papa, m. 461
Otros Autores: Pedro Crisólogo
Formato: Libro
Lenguaje:Latin
Publicado: Parisiis : sumptibus Hieronymi Drovard, 1618.
Edición:Editio nova aucta et recognita
Materias:
Colección:Banco de datos
Acervo:Biblioteca Félix de Jesús Rougier de los Misioneros del Espíritu Santo. Fondo Antiguo
Descripción Física:[6] h., 706 p., [5] h., [6] h., 445 col., [4] h. ; f°
Notas:Portada a dos tintas con pleca y empresa tipográfica del impresor en grabado xilográfico. Texto a dos columnas con apostillas marginales. Incluye cabecera de título en grabado xilográfico. Incluye capitular historiada en grabado xilográfico. Encuadernación en pergamino sobre cartón. Marca de fuego: Convento de Toluca, Estado de México. Ex libris manuscrito en la portada: " es dequeste Santos desiertos de Nuestra Señora deel Monte Carmelo, de los descalzos de questa Nueva España"
LEADER 01695nam a22002410004500
035 |a 305 
041 0 |a lat 
100 1 |a León, I, papa, m. 461 
245 1 0 |a SS. PP. Leonis Magni romani pontificis eius nominis primi, maximi taurinensis episc. et Petri Chrysologi ravennatis episcopi, opera omnia quae reperiri potuerunt 
250 |a Editio nova aucta et recognita 
260 |a Parisiis : sumptibus Hieronymi Drovard, 1618. 
300 |a [6] h., 706 p., [5] h., [6] h., 445 col., [4] h. ; f° 
500 |a Portada a dos tintas con pleca y empresa tipográfica del impresor en grabado xilográfico. Texto a dos columnas con apostillas marginales. Incluye cabecera de título en grabado xilográfico. Incluye capitular historiada en grabado xilográfico. Encuadernación en pergamino sobre cartón. Marca de fuego: Convento de Toluca, Estado de México. Ex libris manuscrito en la portada: " es dequeste Santos desiertos de Nuestra Señora deel Monte Carmelo, de los descalzos de questa Nueva España" 
504 |a Al principio de la obra está el índice de sermones 
504 |a Al final de la obra está el índice de lugares de la Sagrada Escritura 
504 |a Al final de la obra está índice de las cosas y términos 
505 0 0 |a S. Petri Chrysologi archiepiscopi ravennatis, viri eruditissimi, atque sanctissimi, sermones, [6] h.-- Sermones, 445 col.-- Índice de cosas y términos, [4] h.  
600 1 4 |a León, I, papa, m. 461-Obras 
700 1 |a Pedro Crisólogo 
949 |a Biblioteca Félix de Jesús Rougier, Fondo Antiguo 418 
942 |c ROUGIER 
943 |g Biblioteca Félix de Jesús Rougier de los Misioneros del Espíritu Santo. Fondo Antiguo 
999 |c 945324  |d 945324